000 00291nam a22001337a 4500
008 170519b xxu||||| |||| 00| 0 eng d
020 _a9780802150424
041 _aeng
080 _a94
100 _a16
101 _aSHH
245 _aTHE LABYRINTH OF SOLUTIDE
_cPAZ, O
942 _2udc
_cBK
999 _c13571
_d13571